The VLSI handbook (Record no. 9825)

000 -LEADER
fixed length control field 00551 a2200181 4500
020 ## - INTERNATIONAL STANDARD BOOK NUMBER
International Standard Book Number 0-8493-4199-X
040 ## - CATALOGING SOURCE
Original cataloging agency DLC
Language of cataloging DLC
082 00 - DEWEY DECIMAL CLASSIFICATION NUMBER
Classification number 621.395
100 ## - MAIN ENTRY--PERSONAL NAME
Personal name Chen, Wai-Kai
245 14 - TITLE STATEMENT
Title The VLSI handbook
Statement of responsibility, etc. edited by Wai-Kai Chen
250 ## - EDITION STATEMENT
Edition statement 2. ed.
260 ## - PUBLICATION, DISTRIBUTION, ETC.
Place of publication, distribution, etc. Boca Raton :
Name of publisher, distributor, etc. CRC/Taylor & Francis,
Date of publication, distribution, etc. cop. 2007
300 ## - PHYSICAL DESCRIPTION
Extent Ca 2000 s :
Other physical details ill.
440 #4 - SERIES STATEMENT/ADDED ENTRY--TITLE
Title The electrical engineering handbook series,
Volume/sequential designation 38
650 #0 - SUBJECT ADDED ENTRY--TOPICAL TERM
Topical term or geographic name entry element Integrated circuits
General subdivision Very large scale integration
700 1# - ADDED ENTRY--PERSONAL NAME
Personal name Chen, Wai-Kai,
Dates associated with a name 1936-
Relator code edt
942 ## - ADDED ENTRY ELEMENTS (KOHA)
Koha item type Book
Call number prefix 621.395 CHE
Source of classification or shelving scheme
Holdings
Withdrawn status Lost status Damaged status Not for loan Collection code Permanent Location Current Location Shelving location Date acquired Source of acquisition Cost, normal purchase price Total Checkouts Full call number Barcode Date last seen Date last checked out Price effective from Koha item type
          Central Library (CL) Central Library (CL) General Stacks 12/31/2007 Progressive International Agencies 12693.42 2 621.395 CHE SEECS008864 10/05/2016 10/01/2016 01/05/2017 Reference
© 2023 Central Library, National University of Sciences and Technology. All Rights Reserved.